Loading...
| Arts - Music | 2 | 7 | 0 | 1 | 100 | 44 | 89.67 | 0 | 6 |
| Literature - British Lit | 2 | 4 | 0 | 1 | 70 | 68 | 104.17 | 2 | 4 |
| Thought - Philosophy | 2 | 4 | 1 | 1 | 65 | 50 | 78.17 | 1 | 4 |
| Literature - Euro Lit | 0 | 5 | 0 | 0 | 50 | 85 | 98.40 | 0 | 2 |
| Arts - Other Arts | 1 | 3 | 1 | 1 | 40 | 63 | 97.75 | 0 | 2 |
| Beliefs - Religion | 2 | 1 | 0 | 1 | 40 | 43 | 74.67 | 2 | 2 |
| Literature - American Lit | 1 | 2 | 1 | 0 | 30 | 39 | 93.33 | 0 | 2 |
| Arts - Painting | 0 | 3 | 1 | 0 | 25 | 88 | 118.00 | 0 | 2 |
| Literature - World Lit | 1 | 1 | 0 | 0 | 25 | 51 | 67.00 | 0 | 2 |
| History - American History | 0 | 2 | 0 | 0 | 20 | 86 | 88.50 | 0 | 0 |
| Other - Other Academic | 0 | 2 | 0 | 0 | 20 | 77 | 86.50 | 0 | 1 |
| Other - Pop Culture | 0 | 2 | 0 | 0 | 20 | 79 | 96.50 | 0 | 2 |
| Beliefs - Religion | 1 | 0 | 0 | 0 | 15 | 38 | 38.00 | 1 | 1 |
| Thought - Social Science | 0 | 1 | 0 | 1 | 10 | 124 | 124.00 | 0 | 0 |
| Beliefs - Mythology | 0 | 1 | 0 | 0 | 10 | 116 | 116.00 | 0 | 1 |
| History - Euro History | 0 | 1 | 0 | 0 | 10 | 65 | 65.00 | 0 | 1 |
| History - Other History | 0 | 1 | 0 | 0 | 10 | 89 | 89.00 | 0 | 1 |
| Science - Biology | 0 | 1 | 0 | 0 | 10 | 97 | 97.00 | 1 | 1 |
| Science - Chemistry | 0 | 1 | 0 | 0 | 10 | 121 | 121.00 | 0 | 0 |
| Science - Other Science | 0 | 1 | 0 | 1 | 10 | 129 | 129.00 | 0 | 0 |
| Science - Other Science | 0 | 1 | 0 | 0 | 10 | 106 | 106.00 | 0 | 1 |
| Arts - Music | 0 | 1 | 0 | 1 | 10 | 129 | 129.00 | 0 | 0 |
| Science - Physics | 0 | 1 | 1 | 0 | 5 | 134 | 134.00 | 0 | 0 |
| Beliefs - Mythology | 0 | 0 | 1 | 0 | -5 | 0.00 | 0 | 0 |